00697 2200253 4500001002100000005001700021008004100038020002200079035002500101040001200126082001200138084001800150100001400168245006600182250001000248260004000258300004400298650002300342700001200365850001200377990001800389990001800407990001800425INLIS00000000000645320150928101753.0  a978-602-1107-04-1 a0010-061500000000574 aYOPDYOG a616.025 a616.025 Har G aHARDISMAN aGawat darurat medis praktisc/ Hardisman ; ilustrasi, Andy GP aCet.1 aYogyakartabGosyen Publishingc2014 axvi, 209 hlm.b: ilus.c; 23 cm [3 eks] aUnit gawat darurat aAndy GP aYOPDYOG a11172-PD/B.15 a11173-PD/B.15 a11174-PD/B.15